DON'T TAP THE GLASS - Tyler, The Creator (Tracklist) - Statistics

General Stats
  • This quiz has been taken 99 times
    9 since last reset
  • The average score is 5 of 10
Answer Stats
TRACKS % Correct
Big Poe (feat. SK8BRD)
100%
Sugar On My Tongue
89%
Mommanem
67%
Ring Ring Ring
67%
Tell Me What It Is
56%
Don't Tap That Glass / Tweakin'
44%
Stop Playing With Me
44%
Sucka Free
44%
Don't You Worry Baby (feat. Madison McFerrin)
11%
I'll Take Care Of You (feat. YEBBA)
11%
No matching quizzes found
Score Distribution
Percent of People with Each Score
Percentile by Number Answered
Your Score History
You have not taken this quiz since the last reset